000 13481 a2200721 4500
005 20090424101814.0
008 090424t xxu||||| |||| 00| 0 hin d
010 _aB-290989-1031
020 _a8183200974
_c50.00
037 _bस्टुडेंट ऐड पब्लिकेशन्स
040 _adpl
_bhn
082 _a650.1
100 _aचन्द्र, एस
245 _aअपना व्यवसाय /
_cएस.चन्द्र
260 _aदिल्ली
_bस्टूडेन्ट एड पब्लिकेशन्स
_cव.अ.
270 _a43 ए, कृष्णा एन्कलेव,पॉकेट-ए,अशोक विहार, फेस -3
_bदिल्ली
_e110052
_cदिल्ली
300 _a148पृ,
_c22 सेमी (अजिल्द)
942 _adpl
_cHN
_k/ चन्द्रए
_2ddc
_h650.1
_mचन्द्रए
999 _c12764
_d12764